A practical guide to SysML : (Record no. 20551)
[ view plain ]
| 000 -LEADER | |
|---|---|
| fixed length control field | 00933cam a22002775a 4500 |
| 001 - CONTROL NUMBER | |
| control field | 18231333 |
| 005 - DATE AND TIME OF LATEST TRANSACTION | |
| control field | 20160503143158.0 |
| 008 - FIXED-LENGTH DATA ELEMENTS--GENERAL INFORMATION | |
| fixed length control field | 140718t2015 maua frb 001 0 eng d |
| 020 ## - INTERNATIONAL STANDARD BOOK NUMBER | |
| International Standard Book Number | 9780128002025 |
| 040 ## - CATALOGING SOURCE | |
| Original cataloging agency | DLC |
| Language of cataloging | eng |
| Transcribing agency | DLC |
| Modifying agency | DLC |
| -- | EG-ScBUE |
| 082 04 - DEWEY DECIMAL CLASSIFICATION NUMBER | |
| Classification number | 620.001171 |
| Edition number | 22 |
| Item number | FRI |
| 100 1# - MAIN ENTRY--PERSONAL NAME | |
| Personal name | Friedenthal, Sanford. |
| 9 (RLIN) | 38823 |
| 245 12 - TITLE STATEMENT | |
| Title | A practical guide to SysML : |
| Remainder of title | the systems modeling language / |
| Statement of responsibility, etc | Sanford Friedenthal, Alan Moore, Rick Steiner. |
| 250 ## - EDITION STATEMENT | |
| Edition statement | 3rd ed. |
| 260 ## - PUBLICATION, DISTRIBUTION, ETC. (IMPRINT) | |
| Place of publication, distribution, etc | Waltham : |
| Name of publisher, distributor, etc | Morgan Kaufmann / Elsevier, |
| Date of publication, distribution, etc | c.2015. |
| 300 ## - PHYSICAL DESCRIPTION | |
| Extent | xxiii, 606 p. : |
| Other physical details | ill. ; |
| Dimensions | 24 cm. |
| 500 ## - GENERAL NOTE | |
| General note | Index : p. 589-606. |
| 504 ## - BIBLIOGRAPHY, ETC. NOTE | |
| Bibliography, etc | Bibliography : p. 585-588. |
| 650 #0 - SUBJECT ADDED ENTRY--TOPICAL TERM | |
| Topical term or geographic name as entry element | Computer simulation. |
| Source of heading or term | BUEsh |
| 650 #0 - SUBJECT ADDED ENTRY--TOPICAL TERM | |
| Topical term or geographic name as entry element | SysML (Computer science) |
| Source of heading or term | BUEsh |
| 653 ## - INDEX TERM--UNCONTROLLED | |
| Resource For college | Informatics and Computer Science |
| Arrived date list | August2015 |
| -- | December2015 |
| 650 #7 - SUBJECT ADDED ENTRY--TOPICAL TERM | |
| 9 (RLIN) | 3798 |
| Topical term or geographic name as entry element | Systems engineering |
| Source of heading or term | BUEsh |
| 700 1# - ADDED ENTRY--PERSONAL NAME | |
| Personal name | Moore, Alan, |
| Dates associated with a name | 1961- |
| 700 1# - ADDED ENTRY--PERSONAL NAME | |
| Personal name | Steiner, Rick. |
| 942 ## - ADDED ENTRY ELEMENTS (KOHA) | |
| Source of classification or shelving scheme | Dewey Decimal Classification |
| Withdrawn status | Lost status | Source of classification or shelving scheme | Damaged status | Not for loan | Koha collection | Home library | Current library | Shelving location | Date acquired | Source of acquisition | Cost, normal purchase price | Serial Enumeration / chronology | Total Checkouts | Full call number | Barcode | Date last seen | Cost, replacement price | Koha item type |
|---|---|---|---|---|---|---|---|---|---|---|---|---|---|---|---|---|---|---|
| Dewey Decimal Classification | Baccah | Central Library | Central Library | First floor | 17/08/2015 | Purchase | 480.00 | 201759 | 620.001171 FRI | 000030810 | 15/07/2025 | 600.00 | Book - Borrowing |